书目信息 |
| 题名: |
微生物的秘密生活
|
|
| 作者: | 陈敦和 主编 | |
| 分册: | ||
| 出版信息: | 上海 上海科学技术文献出版社 2019 |
|
| 页数: | 153页 | |
| 开本: | 24cm | |
| 丛书名: | ||
| 单 册: | ||
| 中图分类: | Q939-49 , Q939 | |
| 科图分类: | ||
| 主题词: | 微生物--普及读物 | |
| 电子资源: | ||
| ISBN: | 978-7-5439-7890-4 | |
| 000 | 00888nam0 2200241 450 | |
| 001 | 2250257389 | |
| 005 | 20221001135747.15 | |
| 010 | @a978-7-5439-7890-4@dCNY39.80 | |
| 100 | @a20200408d2019 em y0chiy0110 ea | |
| 101 | 0 | @achi |
| 102 | @aCN@b310000 | |
| 105 | @aa z 000yy | |
| 200 | 1 | @a微生物的秘密生活@9wei sheng wu de mi mi sheng huo@f陈敦和主编 |
| 210 | @a上海@c上海科学技术文献出版社@d2019 | |
| 215 | @a153页@c彩图@d24cm | |
| 300 | @a神奇的世界 | |
| 330 | @a本书是一本解析微生物奥妙的书。生命对人类来说是一个难解的谜,而微生物作为一群特殊的生命体,更是让人感到不可思议。本书从介绍地球上最早的居民开始,逐步带你去了解微生物是如何生存至今的;微生物与人体的健康,与人们的生活究竟有哪些利害关系。 | |
| 606 | 0 | @a微生物@j普及读物 |
| 690 | @aQ939-49@v5 | |
| 690 | @aQ939@v4 | |
| 701 | 0 | @a陈敦和@9chen dun he@4主编 |
| 801 | 0 | @aCN@b91MARC@c20200408 |
| 905 | @aZUCC@dQ939@e73 | |
| 微生物的秘密生活/陈敦和主编.-上海:上海科学技术文献出版社,2019 |
| 153页:彩图;24cm |
| 神奇的世界 |
| ISBN 978-7-5439-7890-4:CNY39.80 |
| 本书是一本解析微生物奥妙的书。生命对人类来说是一个难解的谜,而微生物作为一群特殊的生命体,更是让人感到不可思议。本书从介绍地球上最早的居民开始,逐步带你去了解微生物是如何生存至今的;微生物与人体的健康,与人们的生活究竟有哪些利害关系。 |
| ● |
| 相关链接 |
|
|
|
正题名:微生物的秘密生活
索取号:Q939/73
 
预约/预借
| 序号 | 登录号 | 条形码 | 馆藏地/架位号 | 状态 | 备注 |
| 1 | 2000910358 | 2000910358 | 第三书库/ [索取号:Q939/73] | 在馆 | |
| 2 | 2000910359 | 2000910359 | 第三书库/ [索取号:Q939/73] | 在馆 | |
| 3 | 2000910360 | 2000910360 | 第三书库/ [索取号:Q939/73] | 在馆 |